Statistics for IPL 2020 Quiz

Click here to take the quiz!

General Stats

  • This quiz has been taken 38 times
  • The average score is 8 of 15

Answer Stats

QuestionAnswer% Correct
Who won the IPL?Mumbai Indians
100%
Who were the runners-up?Delhi Capitals
83%
Who was the Orange Cap winner?KL Rahul
81%
What team lost their playoff streak of all IPL seasons?Chennai Super Kings
75%
Who was the only person to hit 2 consecutive 100s?Shikhar Dhawan
61%
Who was the Purple Cap winner?Kagiso Rabada
58%
Which team was placed last in the table?Rajasthan Royals
58%
What was the highest individual score of the 2020 IPL?132*
44%
What edition of the IPL was this?13th
42%
What were the best bowling figures of the 2020 IPL?5/20
42%
Who bowled the fastest ball?Anrich Nortje
36%
Who bowled the most dot balls?Jofra Archer
33%
Who scored the fastest 50?Nicholas Pooran
25%
Who got the best bowling figures?Varun Chakravarthy
22%
Who conceded the most runs in a match?Siddarth Kaul
17%

Score Distribution

Percentile by Number Answered

Percent of People with Each Score

Your Score History

You have not taken this quiz